000 00926cam a2200205 4500
001 WB3839-06
008 021023n2002 000 0 eng u
035 _a(Sirsi) u120222
245 _aCentral London Office Market Report
260 _c2002
490 _aJones Lang LaSalle Press Release
_v 10 October 2002, (2)
520 _aJones Lang Lasalle report on the Central London office market shows that the occupation market remains very sluggish. Take up remains very low, with the last 12 months take-up one third below the previous five years and active demand has also fallen by around 10% to 678 000 sq m. For the Jones Lang Lasalle Press Release: http://www.joneslanglasalle.co.uk/news01/nr1007.html
590 _aWB
650 _aJONES LANG LASALLE
650 _aCENTRAL LONDON
650 _aTAKE UP
650 _aLEASE TERMS
690 _aPROPERTY-COMMERCIAL PROPERTY-COMMERCIAL PROPERTY MARKET
942 _n0
999 _c71418
_d71418